000 00670nam a2200205Ii 4500
003 JO-AjNU
008 230605s9999||||xx |||||||||||||| ||und||
040 _aJO-AjNU
_bara
_erda
_cJO-AjNU
041 _aara
050 1 4 _aPJ6161.N37 2004
100 3 _aناصيف، إميل ,
_eauthor
_911136
245 0 0 _aأروع ما قيل في علوم البلاغة
250 _aط1
264 3 1 _aبيروت: دار الجيل للنشر والطباعة والتوزيع، 2004
300 _a168ص
336 _atext
_btxt
_2rdacontent
337 _aunmediated
_bn
_2rdamedia
338 _avolume
_bnc
_2rdacarrier
650 4 _aاللغة العربية-البلاغة
_911137
999 _aA2167
_c5735
_d5735